Church and the World (Record no. 14181)

MARC details
000 -LEADER
fixed length control field 00589nam a2200229 a 4500
020 ## - INTERNATIONAL STANDARD BOOK NUMBER
ISBN 8172149255
082 00 - DEWEY DECIMAL CLASSIFICATION NUMBER
Classification number 266
Author Cutter DAS
100 ## - MAIN ENTRY--AUTHOR NAME
Author name Das, Somen
245 ## - TITLE STATEMENT
Title Church and the World
Sub title Towards a Biblical-Ethical Understanding
260 ## - PUBLICATION, DISTRIBUTION, ETC. (IMPRINT)
Place of publication Delhi
Name of publisher ISPCK
Year of publication 2006
300 ## - PHYSICAL DESCRIPTION
Number of Pages 224p
500 ## - GENERAL NOTE
General note includes index and biblioraphy
650 ## - SUBJECT ADDED ENTRY--TOPICAL TERM
Topical Term Church and Social Problems
942 ## - ADDED ENTRY ELEMENTS (KOHA)
Koha item type Books
700 1# -
-- Das, Somen
Holdings
Collection code Home library Current library Date acquired Cost, normal purchase price Full call number Accession Number Koha item type
  Henry Martyn Institute Library Henry Martyn Institute Library 09/17/2012 150.00 266 DAS 023871 Books
                   Copyright © 2026 | Henry Martyn Institute | Hyderabad | TS-500052 | INDIA | Implemented by hmi.edu.in
Hit-Count:

Powered by Koha